[Event "5. ODEM U25 2008"]
[Site "Willingen GER"]
[Date "2008.05.11"]
[Round "1"]
[White "Nobis, Philipp"]
[Black "Häussler, Daniel"]
[Result "0-1"]
[Termination "normal"]
[Board "44"]
[WhiteElo "1260"]
[BlackElo "1919"]
[PlyCount "78"]
[WhiteFideId "24602183"]
[BlackFideId "24631345"]
[EventCountry "GER"]
[EventRounds "9"]
[EventType "swiss"]
[EventDate "2008.05.10"]

1. e4 c5 2. Nf3 Nc6 3. d4 cxd4 4. Nxd4 Nf6 5. Nc3 e5 6. Nf3 Bb4 7. Bd3 d5 8.
O-O Bxc3 9. exd5 Ba5 10. Bc4 e4 11. Ng5 Ne5 12. Bb5+ Bd7 13. Bxd7+ Qxd7 14. d6
h6 15. Bf4 Ng6 16. Nh3 O-O 17. a3 Nxf4 18. Nxf4 Rad8 19. b4 Bb6 20. c4 Qf5 21.
Ne2 Rfe8 22. Ng3 Qe5 23. c5 Bxc5 24. bxc5 Qxc5 25. Qb3 b6 26. Rac1 Qxd6 27.
Rfd1 Qb8 28. Rc4 Rxd1+ 29. Qxd1 Qd8 30. Rd4 Qe7 31. Kf1 Qxa3 32. Ra4 Qe7 33.
Qa1 e3 34. Rxa7 e2+ 35. Kg1 e1=Q+ 36. Qxe1 Qxe1+ 37. Nf1 Ng4 38. h3 Qxf2+ 39.
Kh1 Qxf1# 0-1

[Event "5. ODEM U25 2008"]
[Site "Willingen GER"]
[Date "2008.05.11"]
[Round "1"]
[White "Billing, Alexander"]
[Black "Kempe, Markus"]
[Result "1-0"]
[Termination "normal"]
[Board "45"]
[WhiteElo "1875"]
[BlackElo "1243"]
[PlyCount "39"]
[WhiteFideId "24624420"]
[BlackFideId "24692638"]
[EventCountry "GER"]
[EventRounds "9"]
[EventType "swiss"]
[EventDate "2008.05.10"]

1. e4 c5 2. Nc3 Nc6 3. g3 g6 4. Bg2 Bg7 5. d3 d6 6. Be3 Nf6 7. f3 O-O 8. Qd2
Be6 9. Bh6 Qd7 10. h4 a6 11. g4 b5 12. h5 Bxg4 13. fxg4 Qxg4 14. Bxg7 Kxg7 15.
hxg6 Qxg6 16. O-O-O Ne5 17. Nf3 Rab8 18. Nh4 Qg5 19. Nf5+ Kg8 20. Nh6+ 1-0

[Event "5. ODEM U25 2008"]
[Site "Willingen GER"]
[Date "2008.05.11"]
[Round "1"]
[White "Biefel, Christian"]
[Black "Huynh, Nhi Lang"]
[Result "0-1"]
[Termination "normal"]
[Board "46"]
[WhiteElo "1239"]
[BlackElo "1778"]
[PlyCount "94"]
[WhiteFideId "24692646"]
[BlackFideId "24669180"]
[EventCountry "GER"]
[EventRounds "9"]
[EventType "swiss"]
[EventDate "2008.05.10"]

1. Nf3 c5 2. c4 Nc6 3. g3 d6 4. Bg2 Nf6 5. Nc3 g6 6. d3 Bg7 7. Be3 Bd7 8. Qc1
h5 9. O-O Rb8 10. a3 a6 11. Ng5 h4 12. h3 hxg3 13. fxg3 O-O 14. Rb1 b5 15. Nce4
Nxe4 16. Nxe4 Nd4 17. Qd1 Qc8 18. Kh2 bxc4 19. dxc4 Bf5 20. b3 Qe6 21. Bxd4
Bxd4 22. Qd3 Be5 23. Qe3 Kg7 24. Ng5 Qc8 25. Be4 Bxe4 26. Qxe4 f6 27. Nf3 Rh8
28. Nh4 Rh6 29. Kg2 Qh8 30. Rf3 e6 31. Kf2 g5 32. Qg4 Kf7 33. Ng2 Rxh3 34. b4
cxb4 35. axb4 Qh6 36. Qe4 f5 37. Qc6 Kf6 38. Qxa6 Bd4+ 39. e3 g4 40. Rxf5+ Kxf5
41. Qxd6 Be5 42. Qd3+ Kf6 43. Qe4 Rxg3 44. Qxe5+ Kxe5 45. Kxg3 Qh3+ 46. Kf2 Ke4
47. c5 g3+ 0-1

[Event "5. ODEM U25 2008"]
[Site "Willingen GER"]
[Date "2008.05.11"]
[Round "1"]
[White "Zimmerer, David"]
[Black "Bangert, Benjamin"]
[Result "1-0"]
[Termination "normal"]
[Board "47"]
[WhiteElo "1808"]
[BlackElo "1227"]
[PlyCount "85"]
[WhiteFideId "4620224"]
[BlackFideId "24692654"]
[EventCountry "GER"]
[EventRounds "9"]
[EventType "swiss"]
[EventDate "2008.05.10"]

1. e4 e5 2. Nf3 Nc6 3. Bb5 d6 4. O-O Bg4 5. h3 Bh5 6. c3 a6 7. Ba4 b5 8. Bc2
Nf6 9. Re1 Be7 10. d3 h6 11. Nbd2 O-O 12. Nf1 Nh7 13. Ng3 Bg6 14. a4 Nf6 15.
Nh4 Nd7 16. Nhf5 Bf6 17. Qg4 Bg5 18. Bxg5 Qxg5 19. Nxh6+ Qxh6 20. Qxd7 Qd2 21.
Rac1 Na7 22. Red1 Qg5 23. Qxc7 Qd8 24. Qxd8 Rfxd8 25. Bb3 Kf8 26. Bd5 Rab8 27.
a5 Rdc8 28. Ne2 Nc6 29. f4 Nxa5 30. Ra1 Nb7 31. Rxa6 b4 32. Ra7 bxc3 33. Rxb7
Rxb7 34. Bxb7 Rb8 35. Bd5 Rxb2 36. Nxc3 exf4 37. Rf1 Rd2 38. Bc4 Rc2 39. Nd5
Bxe4 40. Nxf4 Bb7 41. Rb1 Be4 42. Bb3 Bxd3 43. Nxd3 1-0

[Event "5. ODEM U25 2008"]
[Site "Willingen GER"]
[Date "2008.05.11"]
[Round "1"]
[White "Schirra, Felix"]
[Black "Werner, Patrick"]
[Result "0-1"]
[Termination "normal"]
[Board "48"]
[WhiteElo "1197"]
[BlackElo "1754"]
[PlyCount "66"]
[WhiteFideId "24692662"]
[BlackFideId "24601608"]
[EventCountry "GER"]
[EventRounds "9"]
[EventType "swiss"]
[EventDate "2008.05.10"]

1. e4 c5 2. Nf3 e6 3. d4 cxd4 4. Nxd4 a6 5. Nc3 b5 6. Be3 Bb7 7. Bd3 Qc7 8. f3
Nf6 9. Qd2 Nc6 10. O-O-O Bb4 11. Nb3 d5 12. Be2 dxe4 13. Bc5 Bxc3 14. Qxc3 Nd5
15. Qxg7 O-O-O 16. fxe4 Qf4+ 17. Kb1 Rdg8 18. exd5 Rxg7 19. dxc6 Bxc6 20. Bd4
e5 21. g3 Qg5 22. h4 Qe7 23. Bc5 Qe8 24. Rhg1 Rhg8 25. g4 f5 26. gxf5 Rxg1 27.
Bxg1 Be4 28. Nc5 Bxf5 29. Nxa6 Qg6 30. Bh2 Bxc2+ 31. Ka1 Bxd1 32. Bxd1 Qd3 33.
Bxe5 Qxd1# 0-1

[Event "5. ODEM U25 2008"]
[Site "Willingen GER"]
[Date "2008.05.11"]
[Round "1"]
[White "Neumair, Cedric"]
[Black "Neumair, Dorian"]
[Result "1-0"]
[Termination "normal"]
[Board "49"]
[WhiteElo "1844"]
[BlackElo "1184"]
[PlyCount "55"]
[WhiteFideId "4698304"]
[EventCountry "GER"]
[EventRounds "9"]
[EventType "swiss"]
[EventDate "2008.05.10"]

1. d4 d5 2. c4 c6 3. Nf3 Bf5 4. Nc3 e6 5. Qb3 b6 6. Bg5 Be7 7. Bxe7 Nxe7 8. e3
Nd7 9. Rc1 O-O 10. Be2 Qc7 11. O-O h6 12. cxd5 exd5 13. Nxd5 Nxd5 14. Qxd5 Be6
15. Qxc6 Qd8 16. Ba6 Nf6 17. Ne5 Bd5 18. Qc7 Qxc7 19. Rxc7 Bxa2 20. Bb7 Rad8
21. Ra1 Be6 22. Rxa7 Ne8 23. Rc6 Bd5 24. Rxb6 Nf6 25. Bxd5 Nxd5 26. Rbb7 Rc8
27. h3 Nf6 28. Nxf7 1-0

[Event "5. ODEM U25 2008"]
[Site "Willingen GER"]
[Date "2008.05.11"]
[Round "1"]
[White "Kuckling, Linus"]
[Black "Wisheckel, Florian"]
[Result "0-1"]
[Termination "normal"]
[Board "50"]
[WhiteElo "1181"]
[BlackElo "1749"]
[PlyCount "84"]
[WhiteFideId "24658243"]
[BlackFideId "24678090"]
[EventCountry "GER"]
[EventRounds "9"]
[EventType "swiss"]
[EventDate "2008.05.10"]

1. e4 e5 2. Nf3 Nc6 3. Bb5 a6 4. Ba4 b5 5. Bb3 Nf6 6. O-O Be7 7. Re1 O-O 8. d4
d6 9. Bg5 Na5 10. Bxf6 Bxf6 11. Nc3 Nxb3 12. axb3 Bg4 13. h3 Bxf3 14. Qxf3 exd4
15. Nd5 Be5 16. c4 Qb8 17. cxb5 axb5 18. Rxa8 Qxa8 19. Nxc7 Qa5 20. Rc1 Rc8 21.
b4 Rxc7 22. Qd1 Qa4 23. g3 Qxd1+ 24. Rxd1 Rc4 25. Ra1 g5 26. b3 Rxb4 27. Rb1 d3
28. Rd1 Rxb3 29. Kf1 Ra3 30. Ke1 Bc3+ 31. Kf1 Ra1 32. Rxa1 Bxa1 33. Ke1 Bc3+
34. Kd1 b4 35. f4 b3 36. Kc1 b2+ 37. Kb1 d2 38. Kc2 b1=Q+ 39. Kxb1 d1=Q+ 40.
Ka2 Qc2+ 41. Ka3 Qb2+ 42. Ka4 Qb4# 0-1

[Event "5. ODEM U25 2008"]
[Site "Willingen GER"]
[Date "2008.05.11"]
[Round "1"]
[White "Melzer, Marcel"]
[Black "Wachinger, David"]
[Result "1-0"]
[Termination "normal"]
[Board "51"]
[WhiteElo "1745"]
[BlackElo "1179"]
[PlyCount "89"]
[WhiteFideId "24671886"]
[BlackFideId "24692689"]
[EventCountry "GER"]
[EventRounds "9"]
[EventType "swiss"]
[EventDate "2008.05.10"]

1. d4 d5 2. c4 c6 3. Nf3 Nf6 4. Nc3 Bf5 5. Bf4 e6 6. e3 Bd6 7. Bxd6 Qxd6 8. Bd3
Bxd3 9. Qxd3 Nbd7 10. O-O O-O 11. c5 Qc7 12. b4 b6 13. e4 dxe4 14. Nxe4 Nxe4
15. Qxe4 Nf6 16. Qc2 b5 17. Ne5 Rfd8 18. Rad1 Nd7 19. f4 f6 20. Nxd7 Rxd7 21.
Qe4 Re7 22. Rfe1 a5 23. d5 cxd5 24. Rxd5 a4 25. Rh5 g6 26. Qxa8+ Kg7 27. Rh4
Qd7 28. Qe4 Re8 29. Rh3 Re7 30. Rd3 Qc8 31. Rd6 Kf7 32. Qc6 Qxc6 33. Rxc6 Re8
34. Rc7+ Re7 35. Rxe7+ Kxe7 36. Rd1 h5 37. c6 g5 38. c7 h4 39. c8=Q Kf7 40.
Qd7+ Kg6 41. Qxe6 gxf4 42. Rd8 f3 43. Rg8+ Kh7 44. Qf7+ Kh6 45. Qg6# 1-0

[Event "5. ODEM U25 2008"]
[Site "Willingen GER"]
[Date "2008.05.11"]
[Round "1"]
[White "Bergner, Philipp"]
[Black "Weber, Yannik"]
[Result "1-0"]
[Termination "normal"]
[Board "53"]
[WhiteElo "1749"]
[BlackElo "1057"]
[PlyCount "112"]
[WhiteFideId "24664839"]
[BlackFideId "24692700"]
[EventCountry "GER"]
[EventRounds "9"]
[EventType "swiss"]
[EventDate "2008.05.10"]

1. d4 d5 2. c4 e5 3. dxe5 dxc4 4. Qxd8+ Kxd8 5. e4 Be6 6. Nf3 Nc6 7. Bg5+ Be7
8. Nc3 Bxg5 9. Nxg5 Nh6 10. f4 Nd4 11. Rd1 c5 12. Nxe6+ fxe6 13. Nb5 Ke7 14.
Nxd4 cxd4 15. Rxd4 b5 16. Be2 Rhf8 17. O-O a5 18. a4 bxa4 19. Rxc4 Rfb8 20. Rc2
Rb4 21. Bf3 Rab8 22. Rff2 Rb3 23. Rc5 a3 24. bxa3 Rxa3 25. Rfc2 Ra1+ 26. Kf2 a4
27. Rc7+ Kd8 28. Ra7 a3 29. Rd2+ Ke8 30. Rdd7 Ra2+ 31. Kg3 Kf8 32. Kh4 Ra1 33.
Rd3 a2 34. Rd2 Rh1 35. Rdxa2 Rxh2+ 36. Kg3 Rh1 37. Ra8 Re8 38. Rxe8+ Kxe8 39.
Ra7 Nf7 40. Bg4 Nd8 41. Rxg7 h5 42. Bh3 Re1 43. Rh7 Rxe4 44. Rxh5 Re3+ 45. Kh4
Re4 46. g3 Nf7 47. Bxe6 Ke7 48. Bxf7 Kxf7 49. Kg5 Re3 50. g4 Rf3 51. Kf5 Rf2
52. Rh7+ Kf8 53. Ra7 Rh2 54. g5 Rh8 55. Ra8+ Kg7 56. Rxh8 Kxh8 1-0

[Event "5. ODEM U25 2008"]
[Site "Willingen GER"]
[Date "2008.05.11"]
[Round "1"]
[White "Kreyssig, Bruno"]
[Black "Stahnecker, Wieland"]
[Result "0-1"]
[Termination "normal"]
[Board "54"]
[WhiteElo "1034"]
[BlackElo "1733"]
[PlyCount "62"]
[WhiteFideId "4692489"]
[BlackFideId "4694481"]
[EventCountry "GER"]
[EventRounds "9"]
[EventType "swiss"]
[EventDate "2008.05.10"]

1. e4 e6 2. d4 d5 3. Nd2 Nf6 4. e5 Nfd7 5. Ngf3 c5 6. c3 Nc6 7. Nb3 cxd4 8.
cxd4 Be7 9. Be2 O-O 10. O-O f6 11. exf6 Nxf6 12. Be3 Bd6 13. Re1 Qc7 14. Rc1
Bd7 15. h3 Rae8 16. a3 Qb8 17. Qd2 Ne4 18. Qd1 Bf4 19. Bxf4 Qxf4 20. Nc5 Bc8
21. b4 a6 22. g3 Nxg3 23. fxg3 Qxg3+ 24. Kf1 Qxh3+ 25. Kf2 Qh4+ 26. Ke3 Qf4+
27. Kd3 e5 28. dxe5 Nxe5+ 29. Nxe5 Qxe5 30. Kd2 Qb2+ 31. Kd3 Bf5+ 0-1

[Event "5. ODEM U25 2008"]
[Site "Willingen GER"]
[Date "2008.05.11"]
[Round "1"]
[White "Thanabalasingam, Ajandhan"]
[Black "Klein, Maren"]
[Result "1-0"]
[Termination "normal"]
[Board "55"]
[WhiteElo "1723"]
[BlackElo "1025"]
[PlyCount "63"]
[WhiteFideId "24601659"]
[EventCountry "GER"]
[EventRounds "9"]
[EventType "swiss"]
[EventDate "2008.05.10"]

1. e4 e5 2. Nf3 Nc6 3. Bb5 a6 4. Ba4 Nf6 5. O-O Nxe4 6. Re1 Nc5 7. Nxe5 Be7 8.
Bxc6 bxc6 9. d4 Ne6 10. Qh5 g6 11. Qf3 f6 12. Ng4 Nxd4 13. Qc3 Ne6 14. Nd2 O-O
15. Ne4 d5 16. Qxc6 Ra7 17. Ng3 Nd4 18. Nh6+ Kh8 19. Qc3 Nb5 20. Qe3 Bb4 21. c3
d4 22. Qd3 Bc5 23. a4 Qd5 24. axb5 Bb7 25. Qf3 Qb3 26. Qd1 Qd5 27. f3 g5 28. b4
d3+ 29. bxc5 Qxc5+ 30. Be3 Qd5 31. Bxa7 f5 32. Bd4+ 1-0

[Event "5. ODEM U25 2008"]
[Site "Willingen GER"]
[Date "2008.05.11"]
[Round "1"]
[White "Hager, Jason Armin"]
[Black "Neitzel, Mirko"]
[Result "0-1"]
[Termination "normal"]
[Board "56"]
[WhiteElo "1013"]
[BlackElo "1720"]
[PlyCount "42"]
[BlackFideId "24657298"]
[EventCountry "GER"]
[EventRounds "9"]
[EventType "swiss"]
[EventDate "2008.05.10"]

1. d4 Nf6 2. Nc3 d5 3. Nf3 e6 4. Bg5 Be7 5. e3 O-O 6. Bd3 b6 7. O-O Ba6 8. Re1
Bxd3 9. Qxd3 Nbd7 10. Ne5 Nxe5 11. dxe5 Nd7 12. Bxe7 Qxe7 13. f4 f6 14. exf6
Rxf6 15. Rad1 Rh6 16. g3 c6 17. e4 Qc5+ 18. Kg2 Nf6 19. e5 Ng4 20. h3 Qf2+ 21.
Kh1 Rxh3# 0-1

[Event "5. ODEM U25 2008"]
[Site "Willingen GER"]
[Date "2008.05.11"]
[Round "1"]
[White "Müller, Johannes"]
[Black "Lang, Jan-Hendrik"]
[Result "1-0"]
[Termination "normal"]
[Board "57"]
[WhiteElo "1719"]
[BlackElo "982"]
[PlyCount "71"]
[WhiteFideId "24602191"]
[EventCountry "GER"]
[EventRounds "9"]
[EventType "swiss"]
[EventDate "2008.05.10"]

1. e4 e5 2. Nf3 Nc6 3. d4 d6 4. dxe5 Bg4 5. exd6 Qxd6 6. Qxd6 Bxd6 7. Be2 O-O-O
8. Nc3 Nf6 9. Be3 Be5 10. Ng5 Rd7 11. f3 Bxc3+ 12. bxc3 h6 13. fxg4 hxg5 14.
Bf3 Ne5 15. Bxg5 Nfxg4 16. Bxg4 Nxg4 17. h3 Ne5 18. O-O f6 19. Bf4 Re8 20. Rad1
a6 21. Rxd7 Nxd7 22. Re1 Nc5 23. e5 g5 24. Bg3 f5 25. Bf2 Ne4 26. g4 Nxf2 27.
Kxf2 f4 28. Kf3 Kd7 29. h4 gxh4 30. Kxf4 Ke6 31. g5 Rf8+ 32. Kg4 h3 33. Kxh3
Rf4 34. g6 Ke7 35. g7 Kf7 36. e6+ 1-0

[Event "5. ODEM U25 2008"]
[Site "Willingen GER"]
[Date "2008.05.11"]
[Round "1"]
[White "Erben, Katrin"]
[Black "Ohnesorg, Felix"]
[Result "0-1"]
[Termination "normal"]
[Board "58"]
[WhiteElo "946"]
[BlackElo "1711"]
[PlyCount "66"]
[WhiteFideId "24692743"]
[BlackFideId "24653578"]
[EventCountry "GER"]
[EventRounds "9"]
[EventType "swiss"]
[EventDate "2008.05.10"]

1. e4 c5 2. Bc4 Nc6 3. Nf3 g6 4. O-O Bg7 5. Re1 d6 6. c3 Bg4 7. d4 cxd4 8. cxd4
Nxd4 9. Be2 Nxe2+ 10. Qxe2 Nf6 11. Qb5+ Qd7 12. Qxd7+ Nxd7 13. Nbd2 O-O 14. Nc4
Bxf3 15. gxf3 Rac8 16. Na5 b6 17. Nb3 Ne5 18. Re3 Bh6 19. Rc3 Rxc3 20. Bxh6
Rxf3 21. Bxf8 Kxf8 22. Rc1 Rf4 23. Nd2 Nd3 24. Rc8+ Kg7 25. Rc7 Rxf2 26. Nc4
Rc2 27. a3 b5 28. Rxa7 Rxc4 29. Rxe7 Nxb2 30. Rd7 Rxe4 31. Rxd6 Ra4 32. Rd2 Nc4
33. Rc2 Rxa3 0-1

[Event "5. ODEM U25 2008"]
[Site "Willingen GER"]
[Date "2008.05.11"]
[Round "1"]
[White "Koksch, Florian"]
[Black "Palm, Adrian"]
[Result "1-0"]
[Termination "normal"]
[Board "59"]
[WhiteElo "1866"]
[BlackElo "915"]
[PlyCount "37"]
[WhiteFideId "24613584"]
[EventCountry "GER"]
[EventRounds "9"]
[EventType "swiss"]
[EventDate "2008.05.10"]

1. e4 e6 2. d4 d5 3. exd5 exd5 4. c4 Nf6 5. Nc3 c6 6. Bd3 Bb4 7. Nge2 O-O 8.
O-O Be6 9. Bg5 dxc4 10. Bc2 Nbd7 11. Ne4 h6 12. Nxf6+ Nxf6 13. Bh4 Rc8 14. Nf4
Qd7 15. Bxf6 gxf6 16. Qh5 Kg7 17. Qh4 Qe7 18. Nh5+ Kg8 19. Qg3+ 1-0

[Event "5. ODEM U25 2008"]
[Site "Willingen GER"]
[Date "2008.05.11"]
[Round "1"]
[White "Hager, Julius"]
[Black "Durmisi, Valon"]
[Result "0-1"]
[Termination "normal"]
[Board "60"]
[WhiteElo "901"]
[BlackElo "1689"]
[PlyCount "88"]
[EventCountry "GER"]
[EventRounds "9"]
[EventType "swiss"]
[EventDate "2008.05.10"]

1. e4 e5 2. Bc4 Nf6 3. d3 Nc6 4. Nc3 Bc5 5. Nf3 O-O 6. Bg5 Be7 7. Qd2 a6 8. Nd5
Nxd5 9. Bxd5 Bxg5 10. Qxg5 Qxg5 11. Nxg5 Nd4 12. Rc1 h6 13. Nxf7 Rxf7 14. Bxf7+
Kxf7 15. c3 Ne6 16. Rd1 Nf4 17. O-O d6 18. Rfe1 Be6 19. b3 a5 20. c4 c5 21. a4
Bd7 22. Re3 Ra6 23. h3 Rb6 24. Rb1 Bxa4 25. Ra1 Bxb3 26. Rxa5 Ne6 27. Ra3 Nd4
28. Ra5 Ra6 29. Rxa6 bxa6 30. Re1 a5 31. Rb1 a4 32. Ra1 Ke7 33. f3 Kd7 34. Kf2
Kc6 35. Ke3 Nc2+ 36. Kd2 Nxa1 37. Ke3 a3 38. Kd2 a2 39. Ke3 Nc2+ 40. Kf2 a1=Q
41. Kg3 Ne3 42. Kh2 Qf1 43. Kg3 Qxg2+ 44. Kh4 Qg5# 0-1

[Event "5. ODEM U25 2008"]
[Site "Willingen GER"]
[Date "2008.05.11"]
[Round "1"]
[White "Bui, Ha Trang"]
[Black "Gerntke, Oliver"]
[Result "0-1"]
[Termination "normal"]
[Board "62"]
[WhiteElo "774"]
[BlackElo "1796"]
[PlyCount "108"]
[BlackFideId "24647977"]
[EventCountry "GER"]
[EventRounds "9"]
[EventType "swiss"]
[EventDate "2008.05.10"]

1. e4 c5 2. Nf3 e6 3. Bc4 a6 4. O-O b5 5. Be2 Bb7 6. d3 Qc7 7. Nbd2 d6 8. c4
Nf6 9. b3 Nbd7 10. Bb2 Be7 11. d4 bxc4 12. bxc4 cxd4 13. Nxd4 Nxe4 14. Nxe4
Bxe4 15. Bf3 Bxf3 16. Qxf3 Rb8 17. Rab1 Ne5 18. Qc3 O-O 19. Qg3 Bf6 20. Qc3
Qxc4 21. Rfc1 Qxc3 22. Rxc3 d5 23. Rcc1 Nd3 24. Rd1 Rxb2 25. Rxb2 Nxb2 26. Rd2
Bxd4 27. Rxd4 Rc8 28. h3 Rc4 29. Rd2 Rc1+ 30. Kh2 Nc4 31. Rd3 g6 32. h4 Rc2 33.
Rg3 Rxf2 34. h5 Rxa2 35. h6 Ra3 36. Rg4 a5 37. Rd4 Re3 38. Rd1 a4 39. Rb1 Rb3
40. Ra1 a3 41. g3 Rb2+ 42. Kh3 f5 43. Kh4 Kf7 44. g4 f4 45. g5 Ne3 46. Kh3 Nc2
47. Rc1 a2 48. Kg2 a1=Q 49. Rxa1 Nxa1+ 50. Kh3 e5 51. Kg4 Nc2 52. Kh4 Ne3 53.
Kh3 Rc2 54. Kh4 Rh2# 0-1

[Event "5. ODEM U25 2008"]
[Site "Willingen GER"]
[Date "2008.05.11"]
[Round "1"]
[White "Drewes, Carina"]
[Black "Kaphle, Christian"]
[Result "1-0"]
[Termination "normal"]
[Board "63"]
[WhiteElo "1676"]
[BlackElo "715"]
[PlyCount "95"]
[WhiteFideId "24600296"]
[EventCountry "GER"]
[EventRounds "9"]
[EventType "swiss"]
[EventDate "2008.05.10"]

1. d4 d5 2. Nf3 Nc6 3. Bf4 g6 4. e3 Bg7 5. c3 Nf6 6. h3 O-O 7. Be2 Re8 8. O-O
Bf5 9. Nbd2 Ne4 10. Nxe4 dxe4 11. Nd2 e5 12. Bg3 exd4 13. cxd4 Bh6 14. Rc1 Rc8
15. Qb3 Rf8 16. Qxb7 Ne7 17. Bxc7 Qe8 18. Bd6 Rd8 19. Bxe7 Rd7 20. Rc7 Qxe7 21.
Rxd7 Bxd7 22. Qxe4 Qb4 23. Nb3 Bf5 24. Qd5 Bg5 25. g4 Be6 26. Qxg5 Qb7 27. Qb5
Qe4 28. Qd3 Qb7 29. Nc5 Qc6 30. Nxe6 Qxe6 31. b3 f5 32. Qc4 Qxc4 33. Bxc4+ Kg7
34. Kg2 fxg4 35. hxg4 Kf6 36. Rh1 Rh8 37. f4 g5 38. f5 h6 39. Kf3 Rh7 40. e4
Rd7 41. e5+ Ke7 42. f6+ Kf8 43. Ke4 Rh7 44. Kf5 Rh8 45. e6 Rh7 46. e7+ Ke8 47.
Bb5+ Kf7 48. e8=Q# 1-0

[Event "5. ODEM U25 2008"]
[Site "Willingen GER"]
[Date "2008.05.11"]
[Round "1"]
[White "Holle, Niklas"]
[Black "Paulus, Jeffrey"]
[Result "0-1"]
[Termination "normal"]
[Board "64"]
[WhiteElo "700"]
[BlackElo "1674"]
[PlyCount "50"]
[BlackFideId "24692468"]
[EventCountry "GER"]
[EventRounds "9"]
[EventType "swiss"]
[EventDate "2008.05.10"]

1. e4 e5 2. Nf3 Nf6 3. Nc3 Nc6 4. Bc4 Bc5 5. O-O O-O 6. d3 h6 7. h3 d6 8. Re1
Na5 9. Bb5 c6 10. Ba4 b5 11. Bb3 Qb6 12. a4 Nxb3 13. cxb3 Bxf2+ 14. Kf1 Bxe1
15. Kxe1 b4 16. Ne2 a5 17. Nh2 Bb7 18. Nf1 d5 19. exd5 cxd5 20. Ng1 d4 21. Qe2
Qc6 22. Qxe5 Rfe8 23. Qxe8+ Rxe8+ 24. Kd1 Qxg2 25. Ne2 Qxe2# 0-1

[Event "5. ODEM U25 2008"]
[Site "Willingen GER"]
[Date "2008.05.11"]
[Round "2"]
[White "Lehmann, Ruben"]
[Black "Figura, Atila Gajo"]
[Result "0-1"]
[Termination "normal"]
[Board "1"]
[BlackTitle "FM"]
[WhiteElo "1780"]
[BlackElo "2405"]
[PlyCount "52"]
[WhiteFideId "24671177"]
[BlackFideId "4688058"]
[EventCountry "GER"]
[EventRounds "9"]
[EventType "swiss"]
[EventDate "2008.05.10"]

1. d4 Nf6 2. Nf3 g6 3. Nbd2 Bg7 4. c4 O-O 5. e3 c5 6. b3 cxd4 7. exd4 d5 8. Bb2
Nc6 9. Be2 Ne4 10. O-O Be6 11. Nxe4 dxe4 12. Ng5 Bf5 13. g4 Bc8 14. Nxe4 Nxd4
15. Bxd4 Bxd4 16. Rc1 f5 17. Ng3 e5 18. c5 Qg5 19. gxf5 Bxf5 20. Bf3 Rad8 21.
Qe2 Bd3 22. Qxd3 Bxf2+ 23. Rxf2 Rxd3 24. Rcf1 Kg7 25. Bxb7 Rxf2 26. Rxf2 Qc1+
0-1

[Event "5. ODEM U25 2008"]
[Site "Willingen GER"]
[Date "2008.05.11"]
[Round "2"]
[White "Siebarth, Raiko"]
[Black "Ackermann, Johannes"]
[Result "1-0"]
[Termination "normal"]
[Board "2"]
[WhiteElo "2284"]
[BlackElo "1902"]
[PlyCount "51"]
[WhiteFideId "4674766"]
[BlackFideId "24663875"]
[EventCountry "GER"]
[EventRounds "9"]
[EventType "swiss"]
[EventDate "2008.05.10"]

1. Nc3 e5 2. Nf3 Nc6 3. d4 exd4 4. Nxd4 Nf6 5. Bg5 d6 6. Nd5 Be7 7. Bxf6 Bxf6
8. Nb5 O-O 9. Nbxc7 Bxb2 10. Rb1 Bc3+ 11. Nxc3 Qxc7 12. e3 Rd8 13. Qd2 Be6 14.
Nd5 Qd7 15. Be2 Rac8 16. O-O Bxd5 17. Qxd5 Rc7 18. Bc4 Ne5 19. Bb3 Qc6 20. Qd4
Qc5 21. Qe4 b6 22. Rfd1 Re7 23. Rd5 Qc7 24. Rbd1 Re6 25. R5d2 Rf6 26. Qxe5 1-0

[Event "5. ODEM U25 2008"]
[Site "Willingen GER"]
[Date "2008.05.11"]
[Round "2"]
[White "Ehlers, Michael"]
[Black "Coenen, Michael"]
[Result "0-1"]
[Termination "normal"]
[Board "3"]
[WhiteElo "1988"]
[BlackElo "2174"]
[PlyCount "56"]
[WhiteFideId "4674537"]
[BlackFideId "4697367"]
[EventCountry "GER"]
[EventRounds "9"]
[EventType "swiss"]
[EventDate "2008.05.10"]

1. f4 g6 2. Nf3 Bg7 3. e4 c5 4. Bc4 e6 5. O-O Ne7 6. d4 cxd4 7. c3 d5 8. exd5
exd5 9. Bb5+ Nbc6 10. Nxd4 O-O 11. Be3 Re8 12. Bf2 Qd6 13. Qd2 Bd7 14. Na3 Bh6
15. Be3 a6 16. Ba4 Rad8 17. Rae1 Nxd4 18. Bxd7 Qxd7 19. Bxd4 Nf5 20. Bf6 Rc8
21. Bd4 Qd6 22. Nc2 Rxe1 23. Nxe1 Nxd4 24. Qxd4 Rc4 25. Qe5 Qb6+ 26. Kh1 Re4
27. Qxd5 Qf2 28. Qd8+ Bf8 0-1

[Event "5. ODEM U25 2008"]
[Site "Willingen GER"]
[Date "2008.05.11"]
[Round "2"]
[White "Lantzsch, Christian"]
[Black "Müller, Alexander"]
[Result "1-0"]
[Termination "normal"]
[Board "4"]
[WhiteElo "2218"]
[BlackElo "1807"]
[PlyCount "85"]
[WhiteFideId "4659821"]
[BlackFideId "4624696"]
[EventCountry "GER"]
[EventRounds "9"]
[EventType "swiss"]
[EventDate "2008.05.10"]

1. d4 d5 2. Nf3 Nf6 3. e3 e6 4. Bd3 c5 5. c3 Nc6 6. O-O Qc7 7. Nbd2 Bd6 8. dxc5
Bxc5 9. Qe2 O-O 10. e4 Bd7 11. e5 Nh5 12. Nb3 Be7 13. Ng5 g6 14. Nxh7 Rfe8 15.
f4 Ng7 16. Ng5 Bxg5 17. fxg5 Qxe5 18. Qf2 Nf5 19. g4 Nfe7 20. Qxf7+ Kh8 21. Rf3
Qe1+ 22. Kg2 Qh4 23. Rh3 Qxh3+ 24. Kxh3 Rf8 25. Qf6+ Rxf6 26. gxf6 Ne5 27. Nc5
N7c6 28. Bh6 Kh7 29. Be3 Nxd3 30. Nxd7 Nde5 31. Nc5 Nc4 32. Bf2 e5 33. b3 Nd6
34. Rd1 Ne8 35. g5 Nc7 36. Nxb7 Ne6 37. Kg4 d4 38. cxd4 exd4 39. Re1 Nc7 40.
Bxd4 Nb5 41. Ba1 Nbd4 42. Bxd4 Nxd4 43. Re7+ 1-0

[Event "5. ODEM U25 2008"]
[Site "Willingen GER"]
[Date "2008.05.11"]
[Round "2"]
[White "Häussler, Daniel"]
[Black "Billing, Christian"]
[Result "0-1"]
[Termination "normal"]
[Board "5"]
[WhiteElo "1919"]
[BlackElo "2155"]
[PlyCount "64"]
[WhiteFideId "24631345"]
[BlackFideId "4697294"]
[EventCountry "GER"]
[EventRounds "9"]
[EventType "swiss"]
[EventDate "2008.05.10"]

1. d4 d5 2. Nf3 Nf6 3. c4 e6 4. Nc3 Nbd7 5. e3 Be7 6. cxd5 exd5 7. Bd3 O-O 8.
O-O c6 9. Re1 Re8 10. h3 Bd6 11. Qc2 Nf8 12. Rb1 Bd7 13. b4 Rc8 14. e4 dxe4 15.
Nxe4 Nxe4 16. Bxe4 Rxe4 17. Rxe4 Bf5 18. Nh4 Bxe4 19. Qxe4 Qd7 20. Be3 Re8 21.
Qg4 g6 22. b5 f5 23. Qf3 Re4 24. bxc6 Qxc6 25. g3 Qd5 26. a4 a6 27. Rc1 b5 28.
axb5 axb5 29. Ng2 b4 30. Nf4 Bxf4 31. Bxf4 Ne6 32. Be5 Re1+ 0-1

[Event "5. ODEM U25 2008"]
[Site "Willingen GER"]
[Date "2008.05.11"]
[Round "2"]
[White "Jahncke, Giso"]
[Black "Kelm, Marcel"]
[Result "1-0"]
[Termination "normal"]
[Board "6"]
[WhiteElo "2031"]
[BlackElo "2016"]
[PlyCount "51"]
[WhiteFideId "24608289"]
[BlackFideId "4675770"]
[EventCountry "GER"]
[EventRounds "9"]
[EventType "swiss"]
[EventDate "2008.05.10"]

1. e4 c5 2. Nf3 e6 3. d4 cxd4 4. Nxd4 a6 5. Bd3 Nf6 6. Qe2 d6 7. c4 Nbd7 8. Nc3
Qc7 9. O-O b6 10. Bd2 Bb7 11. Rae1 Be7 12. Kh1 Ne5 13. f4 Nxd3 14. Qxd3 Nd7 15.
b3 O-O 16. f5 Kh8 17. Qh3 Bf6 18. fxe6 Nc5 19. Rxf6 gxf6 20. e7 Qxe7 21. Nd5
Qe5 22. Nf3 Qe6 23. Qh4 Bxd5 24. cxd5 Qe7 25. Bc3 Nd7 26. Ng5 1-0